00466 2200169 4500001002100000005001700021006001900038008004100057020001800098035002500116041000700141082001100148090001700159100003300176245005900209260002800268INLIS00000000000666520140313111139.0a ||| | 180719| ||| | id  a979-781-069-0 a0010-031300000006665 aid0 a297.12 a297.12 AZR m0 aProf. Dr. Azyumardi Azra, MA00aMalam seribu bulan, renungan-renungan 30 hari ramadhan aJakartabErlanggac2005